| 000 | 01143 a2200277 4500 | ||
|---|---|---|---|
| 999 |
_c2534 _d2534 |
||
| 020 | _a9780195988376 | ||
| 020 | _a019598837X | ||
| 050 | 0 | 0 | _aHF5548.8 BER 2009 |
| 100 |
_aBergh, Ziel C. _eauthor |
||
| 245 | 0 | 0 |
_aPsychology in the work context / _c[edited by] Ziel C. Bergh and Antoinette L. Theron. |
| 250 | _a4th ed. | ||
| 264 |
_aNew York _bOxford University Press _c2009 |
||
| 300 |
_axviii, 534 p. : _bill. ; |
||
| 500 | _aIncludes index | ||
| 504 | _aIncludes bibliographical references (p. 463-507) | ||
| 650 | 0 | _aPsychology, Industrial. | |
| 650 | 0 |
_aWork _xPsychological aspects. |
|
| 650 | 0 | _aOrganizational behavior. | |
| 700 | 1 | _aBergh, Ziel C. | |
| 700 | 1 | _aTheron, Antoinette L. | |
| 856 | 4 | 2 |
_3Contributor biographical information _uhttp://www.loc.gov/catdir/enhancements/fy1013/2010286171-b.html |
| 856 | 4 | 2 |
_3Publisher description _uhttp://www.loc.gov/catdir/enhancements/fy1013/2010286171-d.html |
| 856 | 4 | 1 |
_3Table of contents only _uhttp://www.loc.gov/catdir/enhancements/fy1013/2010286171-t.html |
| 942 |
_2lcc _cBK _e4th ed. _h5548.8 _iBER _kHF |
||